Language Quiz

Random Language or Spanish Quiz
Score 0/30 Timer 10:00
0 Plays Today
Hint Answer % Correct
I likeMe gusta
94.3%
FunDivertido
91.4%
BoringAburrido
88.6%
BadMalo
85.7%
ClothesRopa
82.9%
To runCorrer
68.6%
When I have timeCuando tengo tiempo
65.7%
Go out with friendsSalir con amigos
65.7%
JewelleryJoyas
62.9%
SillyTonto
62.9%
Do sportHacer deporte
60%
DancingBaile
51.4%
HorseridingEquitación
51.4%
SwimmingNatación
51.4%
With other peopleCon otra gente
48.6%
Hint Answer % Correct
To restDescansar
48.6%
EntertainingEntretenido
48.6%
ExcitingEmocionante
42.9%
Watch TVVer la tele
42.9%
It's healthyEs sano
42.9%
To attend a concertAsistir a un concierto
37.1%
I used to playJugaba al
37.1%
I spend pocket money onGasto mi paga en
34.3%
My favourite singer isMi cantante preferido es
34.3%
I'm lazySoy perezoso
31.4%
Water sportsDeportes acuáticos
28.6%
Ice skatingPatinaje sobre hielo
22.9%
The drumsLa Batería
22.9%
DivingSubmarinismo
20%
I need to have contactNecesito Comunicarme
5.7%
Remove Ads.
Support Sporcle.
Get the best of Sporcle when you Go Orange. This ad-free experience offers more features, more stats, and more fun while also helping to support Sporcle. Thank you for becoming a member.

You're not logged in!

Compare scores with friends on all Sporcle quizzes.
OR
Log In

Show Comments

Extras

Created Sep 30, 2019ReportNominate
Tags:Spanish Quiz, gcse, module

Top Quizzes Today


Score Distribution

Your Account Isn't Verified!

In order to create a playlist on Sporcle, you need to verify the email address you used during registration. Go to your Sporcle Settings to finish the process.

Report this User

Report this user for behavior that violates our Community Guidelines.

Details: